[Event "EST team ch"]
[Site "?"]
[Date "2001.??.??"]
[Round "?"]
[White "Nei, Iivo"]
[Black "Gavrikov, Viktor"]
[Result "1/2-1/2"]
[WhiteElo "2379"]
[BlackElo "2539"]
[PlyCount "143"]

1. e4 c5 2. b3 d6 3. Bb2 e6 4. Nf3 a6 5. d4 cxd4 6. Nxd4 Nf6 7. Bd3 g6 8. c4
Bg7 9. Qe2 Nbd7 10. Nc3 O-O 11. O-O Re8 12. Rad1 b6 13. Bc2 Bb7 14. Qd2 Qb8 15.
f3 Rd8 16. Kh1 Nc5 17. Rfe1 Qc7 18. a4 Rac8 19. Qf2 Qb8 20. Qh4 Ncd7 21. Bb1
Ba8 22. Rd2 h6 23. Red1 g5 24. Qe1 Ne5 25. Nce2 Ng6 26. Ng3 Re8 27. Qf2 Rcd8
28. Ba3 Bf8 29. Bb2 Bg7 30. Ba3 Rd7 31. Bb2 Red8 32. Ba3 Qc7 33. Rc2 Ne5 34.
Rcd2 Qb8 35. Bb2 Qb7 36. Re2 Qc7 37. Ba3 Ng6 38. Rc2 h5 39. Nge2 h4 40. h3 Nh5
41. Bc1 Bf6 42. Be3 Rb8 43. Rcd2 Rdd8 44. Kg1 Ngf4 45. Rc2 Qe7 46. Rcd2 Be5 47.
Nc2 Nxe2+ 48. Rxe2 Nf4 49. Red2 Bc3 50. Bxf4 gxf4 51. Rd3 Be5 52. Nd4 Rdc8 53.
Kh1 Qf6 54. Ne2 b5 55. cxb5 axb5 56. a5 b4 57. a6 Rc6 58. a7 Rb7 59. R3d2 Qe7
60. Ra2 Rcc7 61. Rc1 Rc5 62. Rxc5 dxc5 63. Nc1 Bd4 64. Qe1 Be3 65. Nd3 Rd7 66.
Ne5 Rc7 67. Nc4 Bd4 68. e5 Kg7 69. Kh2 Bc3 70. Qe2 Qg5 71. Be4 Qg3+ 72. Kh1
1/2-1/2

[Event "EST team ch"]
[Site "?"]
[Date "2001.??.??"]
[Round "?"]
[White "Kulaots, Kaido"]
[Black "Karner, Hillar"]
[Result "1-0"]
[WhiteElo "2513"]
[BlackElo "2291"]
[PlyCount "55"]

1. e4 c5 2. Nf3 d6 3. d4 cxd4 4. Nxd4 Nf6 5. Nc3 a6 6. Be2 e6 7. O-O Be7 8. f4
O-O 9. Be3 Qc7 10. g4 Nfd7 11. g5 Re8 12. f5 Ne5 13. Bh5 g6 14. fxe6 Bxe6 15.
Nxe6 fxe6 16. Bg4 Bd8 17. Bh3 Nbc6 18. Qe2 Na5 19. Rad1 Nac4 20. Bc1 Nf7 21.
Qg4 Nxg5 22. Bxg5 Qc5+ 23. Kh1 Qxg5 24. Qf3 Qe7 25. Ne2 Nxb2 26. Rxd6 Bc7 27.
Bxe6+ Kh8 28. Qc3+ 1-0

[Event "EST team ch"]
[Site "?"]
[Date "2001.??.??"]
[Round "?"]
[White "Vark, Liina"]
[Black "Limberg, Tiina"]
[Result "1/2-1/2"]
[WhiteElo "2108"]
[BlackElo "2092"]
[PlyCount "24"]

1. d4 Nf6 2. c4 g6 3. Nc3 Bg7 4. e4 d6 5. f4 O-O 6. Nf3 c6 7. Bd3 Qb6 8. Na4
Qc7 9. Qe2 Bg4 10. e5 dxe5 11. dxe5 Nfd7 12. O-O Nb6 1/2-1/2

[Event "EST team ch"]
[Site "?"]
[Date "2001.??.??"]
[Round "?"]
[White "Krupenski, Juri"]
[Black "Shevtshenko, Robert"]
[Result "0-1"]
[WhiteElo "2252"]
[BlackElo "2417"]
[PlyCount "63"]

1. e4 c5 2. Nf3 Nc6 3. d4 cxd4 4. Nxd4 Nf6 5. Nc3 e5 6. Ndb5 d6 7. Nd5 Nxd5 8.
exd5 Nb8 9. c4 a6 10. Nc3 Be7 11. Be2 O-O 12. O-O f5 13. Kh1 Nd7 14. f4 Bf6 15.
Be3 exf4 16. Bxf4 Ne5 17. Qd2 Bd7 18. Rac1 Qe7 19. c5 Kh8 20. Rfd1 Rae8 21. Re1
dxc5 22. d6 Qe6 23. Qd5 Ng6 24. Bd2 Qxd5 25. Nxd5 Bxb2 26. Rxc5 Bc6 27. Bh5
Rxe1+ 28. Bxe1 Rd8 29. Bxg6 hxg6 30. Bg3 Ba3 31. Rc3 Bxd6 32. Ne3 0-1

[Event "EST team ch"]
[Site "?"]
[Date "2001.??.??"]
[Round "?"]
[White "Oim, Tonu"]
[Black "Kovaljov, Deniss"]
[Result "1/2-1/2"]
[WhiteElo "2368"]
[BlackElo "2227"]
[PlyCount "58"]

1. e4 e6 2. d4 d5 3. Nd2 Nf6 4. e5 Nfd7 5. c3 c5 6. Bd3 Nc6 7. Qg4 f5 8. Qf4
cxd4 9. cxd4 g5 10. Qe3 Be7 11. Ne2 Nf8 12. h4 Rg8 13. hxg5 Bxg5 14. f4 Bh4+
15. g3 Be7 16. Kf2 Bd7 17. Nc3 Qb6 18. Nf3 O-O-O 19. Bd2 Na5 20. b3 Kb8 21. Rh6
Rg6 22. Rah1 Rc8 23. Rxg6 hxg6 24. Rh8 a6 25. Rg8 Bb4 26. Ne2 Ba3 27. Nc3 Bb4
28. Ne2 Ba3 29. Nc3 Bb4 1/2-1/2

[Event "EST team ch"]
[Site "?"]
[Date "2001.??.??"]
[Round "?"]
[White "Danilov, Nikolai"]
[Black "Tarakanov, Oleg"]
[Result "1-0"]
[WhiteElo "2231"]
[BlackElo "2155"]
[PlyCount "43"]

1. d4 Nf6 2. c4 e6 3. Nc3 d5 4. Bg5 c6 5. e3 Nbd7 6. Nf3 Qa5 7. Nd2 Bb4 8. Qc2
Bxc3 9. bxc3 Ne4 10. Nxe4 dxe4 11. Bh4 f6 12. Rc1 Nb6 13. Be2 e5 14. Qxe4 Qxa2
15. dxe5 f5 16. Qd4 O-O 17. c5 Qb2 18. Rd1 Nd5 19. Bc4 Be6 20. O-O Rf7 21. Rd2
Qxc3 22. Qxc3 1-0

[Event "EST team ch"]
[Site "?"]
[Date "2001.??.??"]
[Round "?"]
[White "Lelumees, Brait"]
[Black "Luik, Helmut"]
[Result "1-0"]
[WhiteElo "2138"]
[BlackElo "2234"]
[PlyCount "87"]

1. e4 e5 2. Nf3 Nc6 3. c3 Nf6 4. d4 d6 5. Bb5 Bd7 6. O-O Be7 7. d5 Nb8 8. Bd3
O-O 9. h3 c5 10. b4 cxb4 11. cxb4 a5 12. b5 Bc8 13. Nbd2 Nbd7 14. Ba3 b6 15.
Nc4 Nc5 16. Bxc5 bxc5 17. Rb1 Nd7 18. Nfd2 g6 19. g4 Kg7 20. Nb3 h5 21. Qe1 Rh8
22. Nbxa5 Bf8 23. f3 hxg4 24. hxg4 Nf6 25. Rb2 Nxg4 26. fxg4 Qg5 27. Qg3 Rh4
28. Be2 Bd7 29. Nc6 Bxg4 30. N6xe5 dxe5 31. Qxe5+ Qxe5 32. Nxe5 Bxe2 33. Rxe2
f6 34. Nd7 Rg4+ 35. Kf2 Bd6 36. Ke1 c4 37. Nxf6 Bb4+ 38. Kd1 Rg3 39. Rh2 Rd3+
40. Kc1 g5 41. Rg2 Kg6 42. Nd7 Bc3 43. Nf8+ Kh6 44. Rf7 1-0

[Event "EST team ch"]
[Site "?"]
[Date "2001.??.??"]
[Round "?"]
[White "Kovaljov, Deniss"]
[Black "Kulaots, Kaido"]
[Result "1-0"]
[WhiteElo "2227"]
[BlackElo "2513"]
[PlyCount "73"]

1. d4 g6 2. Nf3 Bg7 3. c3 d6 4. Bg5 Nf6 5. Bxf6 Bxf6 6. e4 O-O 7. Bc4 c5 8.
dxc5 Qc7 9. O-O Qxc5 10. Nbd2 Nc6 11. Qe2 Bd7 12. Nb3 Qb6 13. h3 a6 14. Rad1
Rac8 15. Rfe1 Qc7 16. Bd3 Be6 17. Bb1 b5 18. Nbd4 Bd7 19. a3 Rfd8 20. Nc2 Ne5
21. Nb4 Qb7 22. Nd5 Kg7 23. Nxf6 Kxf6 24. Nd4 Kg7 25. f4 Nc4 26. e5 dxe5 27.
fxe5 e6 28. Qf2 Kg8 29. Re2 Bc6 30. h4 Qe7 31. Rf1 Bb7 32. h5 Rc5 33. Qg3 Rf8
34. hxg6 hxg6 35. Bxg6 fxg6 36. Qxg6+ Kh8 37. Qh6+ 1-0

[Event "EST team ch"]
[Site "?"]
[Date "2001.??.??"]
[Round "?"]
[White "Lauk, Ular"]
[Black "Danilov, Nikolai"]
[Result "1-0"]
[WhiteElo "2324"]
[BlackElo "2231"]
[PlyCount "65"]

1. e4 c6 2. d4 d5 3. Nc3 dxe4 4. Nxe4 Bf5 5. Nc5 b6 6. Nb3 Nf6 7. Nf3 e6 8. g3
Nbd7 9. Bg2 Rc8 10. O-O Be7 11. c4 O-O 12. Bf4 b5 13. c5 Nd5 14. Bd2 Bf6 15.
Re1 Qe7 16. h3 h6 17. Na5 Nxc5 18. dxc5 Bxb2 19. Ne5 Bxa1 20. Qxa1 Qxc5 21.
Nexc6 Rxc6 22. Rc1 Qxc1+ 23. Bxc1 Rc2 24. Bb2 Rfc8 25. Nb3 Nb4 26. Bxg7 Kh7 27.
Qf6 Bg6 28. Be4 R2c7 29. Bf8 Rxf8 30. Bxg6+ Kg8 31. Be4 Nxa2 32. Qxh6 f6 33.
Nd4 1-0

[Event "EST team ch"]
[Site "?"]
[Date "2001.??.??"]
[Round "?"]
[White "Olde, Hendrik"]
[Black "Lelumees, Brait"]
[Result "0-1"]
[WhiteElo "2357"]
[BlackElo "2138"]
[PlyCount "87"]

1. Nf3 c5 2. g3 Nc6 3. Bg2 e5 4. d3 g6 5. c4 Bg7 6. Nc3 Nge7 7. O-O Rb8 8. Ne4
d6 9. Bg5 f5 10. Nf6+ Kf7 11. Nd5 h6 12. Bd2 Be6 13. Qc1 b5 14. Nxe7 Qxe7 15.
cxb5 Rxb5 16. Ng5+ hxg5 17. Bxc6 Rbb8 18. Bxg5 Bf6 19. Bxf6 Qxf6 20. e3 Rh7 21.
Qd2 Rbh8 22. f3 f4 23. exf4 exf4 24. Qxf4 Qxf4 25. gxf4 Rxh2 26. Rae1 Kf6 27.
a4 a5 28. Re4 Rxb2 29. Rf2 Rb1+ 30. Rf1 Rb3 31. Bb5 Bd5 32. Re2 Rh4 33. Kg2
Rxf4 34. Kg3 Rf5 35. f4 c4 36. Kg4 Rxd3 37. Re8 Rh5 38. Rf8+ Kg7 39. Re8 Rdh3
40. f5 g5 41. Rd8 R3h4+ 42. Kg3 Rh6 43. Rd7+ Bf7 44. Rd1 0-1

[Event "EST team ch"]
[Site "?"]
[Date "2001.??.??"]
[Round "?"]
[White "Bashkite, Viktorija"]
[Black "Vark, Liina"]
[Result "1/2-1/2"]
[WhiteElo "2047"]
[BlackElo "2108"]
[PlyCount "52"]

1. Nf3 Nf6 2. e3 g6 3. b3 Bg7 4. Bb2 O-O 5. d4 d5 6. Bd3 c5 7. dxc5 Qa5+ 8.
Nbd2 Nbd7 9. a3 Nxc5 10. b4 Nxd3+ 11. cxd3 Qb5 12. Nb3 Bg4 13. Nbd4 Bxf3 14.
Nxf3 Rac8 15. O-O Rfd8 16. Bd4 Nd7 17. a4 Qxb4 18. Rb1 Qd6 19. Bxg7 Kxg7 20.
Rxb7 Rc7 21. Rxc7 Qxc7 22. Qa1+ Kg8 23. Rc1 Qb7 24. Qa3 Rc8 25. Rxc8+ Qxc8 26.
h3 Qc5 1/2-1/2

[Event "EST team ch"]
[Site "?"]
[Date "2001.??.??"]
[Round "?"]
[White "Raud, Rainer"]
[Black "Nei, Iivo"]
[Result "1/2-1/2"]
[WhiteElo "2360"]
[BlackElo "2379"]
[PlyCount "47"]

1. g3 d5 2. Bg2 c6 3. f4 Bf5 4. Nf3 h6 5. d3 Nf6 6. Nbd2 e6 7. Ne5 Bc5 8. e4
Bh7 9. Qe2 O-O 10. c3 Bb6 11. a4 a5 12. Nb3 Na6 13. h3 Ne8 14. Be3 Nd6 15. Rd1
Qc7 16. O-O f6 17. Ng4 dxe4 18. dxe4 Nxe4 19. Kh2 f5 20. Ne5 Nf6 21. Bxb6 Qxb6
22. Nd4 Rfe8 23. Rd2 Nc5 24. Qc4 1/2-1/2

[Event "EST team ch"]
[Site "?"]
[Date "2001.??.??"]
[Round "?"]
[White "Karner, Hillar"]
[Black "Leito, Priit"]
[Result "1/2-1/2"]
[WhiteElo "2291"]
[BlackElo "2355"]
[PlyCount "60"]

1. d4 d5 2. c4 e6 3. Nf3 c5 4. cxd5 exd5 5. Nc3 Nc6 6. Bg5 Be7 7. Bxe7 Ngxe7 8.
e3 Qb6 9. Bb5 O-O 10. dxc5 Qxc5 11. O-O Bg4 12. Bxc6 bxc6 13. Rc1 Qd6 14. b3 f5
15. Kh1 Rad8 16. Ne2 Rf6 17. Qd4 Rh6 18. Qf4 Bxf3 19. gxf3 Qxf4 20. Nxf4 d4 21.
Rfd1 Rhd6 22. e4 Ng6 23. Nd3 Re8 24. exf5 Nh4 25. Re1 Rxe1+ 26. Rxe1 Kf7 27.
Re5 Nxf3 28. Ra5 Kf6 29. Kg2 Nh4+ 30. Kf1 Rd7 1/2-1/2

[Event "EST team ch"]
[Site "?"]
[Date "2001.??.??"]
[Round "?"]
[White "Kangur, Alvar"]
[Black "Tsiganova, Monika"]
[Result "0-1"]
[WhiteElo "2265"]
[BlackElo "2239"]
[PlyCount "76"]

1. e4 c6 2. d4 d5 3. e5 Bf5 4. Nc3 Qb6 5. g4 Bd7 6. Na4 Qc7 7. Be3 e6 8. f4 Ne7
9. Bg2 h5 10. h3 Ng6 11. Nf3 Be7 12. Qd2 b6 13. Nc3 c5 14. O-O-O cxd4 15. Nxd4
Na6 16. Rhe1 Bb4 17. Qe2 Bxc3 18. bxc3 Nc5 19. Nb5 Bxb5 20. Qxb5+ Nd7 21. Rd2
Qxc3 22. Bd4 Qg3 23. Red1 Nxf4 24. Bf1 hxg4 25. hxg4 Rc8 26. Qa4 Rc7 27. Bb5
Ng6 28. Kb1 Ngxe5 29. Rg1 Qf4 30. Rf2 Nf3 31. Rxf3 Qxf3 32. Be5 Qe3 33. Bxc7
Qxg1+ 34. Kb2 Rh1 35. Bxd7+ Ke7 36. Bf4 Qa1+ 37. Kb3 Rb1+ 38. Ka3 Qb2# 0-1

[Event "EST team ch"]
[Site "?"]
[Date "2001.??.??"]
[Round "?"]
[White "Limberg, Tiina"]
[Black "Fomina, Tatjana"]
[Result "0-1"]
[WhiteElo "2092"]
[BlackElo "2278"]
[PlyCount "80"]

1. Nf3 Nf6 2. g3 b5 3. Bg2 Bb7 4. O-O e6 5. d3 d5 6. c3 Nbd7 7. Nbd2 Be7 8. Qc2
Nc5 9. Nd4 a6 10. Rd1 h5 11. N2f3 Ncd7 12. Bg5 Ng4 13. Bxe7 Qxe7 14. e4 c5 15.
Ne2 dxe4 16. dxe4 Ndf6 17. Ne1 h4 18. h3 hxg3 19. Nxg3 Ne5 20. a4 O-O 21. Qe2
Bc6 22. axb5 Bxb5 23. Qd2 Rad8 24. Qg5 Qc7 25. Nh5 Nxh5 26. Qxh5 Ng6 27. Bf3
Nf4 28. Qg4 e5 29. Qh4 Rd6 30. Rxd6 Qxd6 31. Rd1 Qg6+ 32. Kh2 Bf1 33. Rd8 f6
34. Rxf8+ Kxf8 35. Qh8+ Kf7 36. h4 Be2 37. Bh1 Qg4 38. Bg2 Nxg2 39. Nxg2 Bf3
40. Ne3 Qxe4 0-1

[Event "EST team ch"]
[Site "?"]
[Date "2001.??.??"]
[Round "?"]
[White "Krupenski, Juri"]
[Black "Raud, Rainer"]
[Result "0-1"]
[WhiteElo "2252"]
[BlackElo "2360"]
[PlyCount "62"]

1. d4 c5 2. d5 e5 3. e4 d6 4. Nc3 Be7 5. f4 Nd7 6. Nf3 exf4 7. Bxf4 Ngf6 8. Be2
O-O 9. O-O a6 10. a4 Re8 11. e5 dxe5 12. Nxe5 Nxe5 13. Bxe5 Nd7 14. Bg3 Bf6 15.
d6 Bd4+ 16. Bf2 Qb6 17. Bxd4 cxd4 18. Nd5 Qxd6 19. Qxd4 Rxe2 20. Nf6+ Qxf6 21.
Rxf6 Nxf6 22. Qd8+ Re8 23. Qb6 Bf5 24. Qxb7 Bxc2 25. b4 Be4 26. Qb6 Reb8 27.
Qd6 Rd8 28. Qc7 Rdc8 29. Qd6 Rd8 30. Qe7 Rd2 31. Re1 Rc8 0-1

[Event "EST team ch"]
[Site "?"]
[Date "2001.??.??"]
[Round "?"]
[White "Fomina, Tatjana"]
[Black "Bashkite, Viktorija"]
[Result "1-0"]
[WhiteElo "2278"]
[BlackElo "2047"]
[PlyCount "63"]

1. e4 e6 2. Nf3 b6 3. Nc3 Bb7 4. d4 Bb4 5. Bd3 Nf6 6. Qe2 d5 7. exd5 Bxd5 8.
O-O Bxc3 9. bxc3 O-O 10. Bg5 Nbd7 11. Ne5 Bb7 12. c4 Qe8 13. f4 h6 14. Bh4 Qe7
15. c3 Qd6 16. Rad1 Rfe8 17. Bb1 Rad8 18. Rd3 Be4 19. Rg3 Bxb1 20. Rxb1 Qf8 21.
Nxd7 Nxd7 22. Bxd8 Rxd8 23. Rf1 Nf6 24. f5 Re8 25. Re3 exf5 26. Rxe8 Nxe8 27.
Rxf5 Nd6 28. Re5 f5 29. c5 Ne4 30. Qc4+ Kh7 31. Qe6 bxc5 32. Qxf5+ 1-0

-1/2

[Event "EST team ch"]
[Site "?"]
[Date "2001.??.??"]
[Round "?"]
[White "Shevtshenko, Robert"]
[Black "Gavrikov, Viktor"]
[Result "1/2-1/2"]
[WhiteElo "2417"]
[BlackElo "2539"]
[PlyCount "57"]

1. e4 g6 2. d4 Bg7 3. Nc3 c6 4. Bc4 d6 5. Qf3 e6 6. Nge2 Nd7 7. Bb3 a6 8. Bf4
Qe7 9. Qg3 e5 10. dxe5 dxe5 11. Be3 Ngf6 12. f3 b5 13. Qf2 Bb7 14. a4 O-O 15.
O-O Rfe8 16. Nc1 Rec8 17. Rd1 Bf8 18. Ba2 Nc5 19. b4 Ne6 20. Nd3 Nd7 21. axb5
axb5 22. Ne2 Bg7 23. Bb3 h5 24. Rxa8 Rxa8 25. Qg3 Kh7 26. f4 exf4 27. Ndxf4
Nxf4 28. Qxf4 Ne5 29. Bc5 1/2-1/2

[Event "EST team ch"]
[Site "?"]
[Date "2001.??.??"]
[Round "?"]
[White "Kulaots, Kaido"]
[Black "Oim, Tonu"]
[Result "1-0"]
[WhiteElo "2513"]
[BlackElo "2368"]
[PlyCount "115"]

1. d4 Nf6 2. c4 g6 3. Nc3 d5 4. cxd5 Nxd5 5. Bd2 Bg7 6. e4 Nb6 7. Be3 O-O 8. h3
e5 9. Nf3 exd4 10. Nxd4 Qe7 11. Qc2 f5 12. Nb3 Re8 13. O-O-O fxe4 14. Nc5 Nc6
15. N3xe4 Be6 16. Nxe6 Qxe6 17. Bxb6 Qxe4 18. Qxe4 Rxe4 19. Be3 Ne5 20. b3 a5
21. g4 a4 22. Bg2 Rb4 23. Bc5 Bh6+ 24. Kb1 Rb5 25. b4 Rxc5 26. bxc5 Ra5 27. Rd5
Nc6 28. Bf1 Kf8 29. Bc4 Bg7 30. Re1 Bf6 31. f4 Be7 32. f5 Rxc5 33. Rxc5 Bxc5
34. fxg6 hxg6 35. Rf1+ Ke7 36. Bb5 Ne5 37. Bxa4 Bd4 38. h4 c6 39. h5 gxh5 40.
gxh5 b5 41. Bb3 b4 42. h6 c5 43. h7 Ng6 44. Kc2 Kd6 45. Kd3 Ke5 46. Rf8 Kd6 47.
Rd8+ Ke7 48. Rxd4 cxd4 49. Kxd4 Kf6 50. Bc2 Nh8 51. Kc4 Kg7 52. Kxb4 Nf7 53. a4
Nd8 54. Be4 Nf7 55. a5 Nd6 56. Bd3 Nc8 57. Kc5 Na7 58. Bf5 1-0

[Event "EST team ch"]
[Site "?"]
[Date "2001.??.??"]
[Round "?"]
[White "Tarakanov, Oleg"]
[Black "Lauk, Ular"]
[Result "1/2-1/2"]
[WhiteElo "2155"]
[BlackElo "2324"]
[PlyCount "86"]

1. e4 e5 2. Nf3 Nf6 3. Nc3 Bb4 4. Nxe5 O-O 5. Be2 Re8 6. Nd3 Bxc3 7. dxc3 Nxe4
8. O-O d6 9. Re1 Nd7 10. Bf3 Ndf6 11. h3 Bd7 12. Bf4 a5 13. c4 Bc6 14. Qc1 Qd7
15. Bh2 h6 16. Qf4 Ng5 17. Bxc6 Qxc6 18. b3 Ne6 19. Qh4 Nc5 20. Qd4 Rxe1+ 21.
Rxe1 Re8 22. Re3 Re4 23. Rxe4 Qxe4 24. Qxe4 Nfxe4 25. Nxc5 Nxc5 26. Bf4 Kf8 27.
Kf1 Ke7 28. Ke2 Ke6 29. Be3 Nd7 30. Bd4 f6 31. Ke3 h5 32. f4 Kf5 33. g3 g5 34.
fxg5 fxg5 35. a4 b6 36. Bc3 Nc5 37. Be1 g4 38. hxg4+ hxg4 39. Kd4 c6 40. Bd2
Ne6+ 41. Kd3 Nc5+ 42. Kd4 Ne6+ 43. Kd3 Nc5+ 1/2-1/2

[Event "EST team ch"]
[Site "?"]
[Date "2001.??.??"]
[Round "?"]
[White "Luik, Helmut"]
[Black "Olde, Hendrik"]
[Result "1/2-1/2"]
[WhiteElo "2234"]
[BlackElo "2357"]
[PlyCount "99"]

1. d4 Nf6 2. c4 e6 3. Nf3 d5 4. Nc3 Be7 5. Bg5 c6 6. e3 Nbd7 7. Bd3 O-O 8. O-O
Re8 9. Rc1 Nf8 10. Ne5 N6d7 11. Bf4 Nxe5 12. Bxe5 Bd6 13. Bg3 Bxg3 14. hxg3 f5
15. Qc2 Qf6 16. Rfd1 Kh8 17. Ne2 Bd7 18. Qb3 b6 19. Qa3 Red8 20. Nf4 g5 21. Ne2
Ng6 22. Qc3 Rg8 23. Qd2 Raf8 24. f4 Rg7 25. Kf2 Ne7 26. Rh1 Ng8 27. Rcf1 Qe7
28. Ke1 Nf6 29. b3 a5 30. Rh6 a4 31. b4 dxc4 32. Bxc4 Ne4 33. Qb2 gxf4 34. gxf4
Rf6 35. Rh2 Rfg6 36. Rfh1 Kg8 37. Bd3 Nf6 38. a3 Rxg2 39. Rxg2 Rxg2 40. Kf1 Qg7
41. Qc1 Qg4 42. Rg1 Qf3+ 43. Ke1 Ng4 44. Rxg2 Qxg2 45. Kd2 h5 46. Qg1 Qd5 47.
Nc3 Qb3 48. Qc1 h4 49. Bc2 Qc4 50. Bd3 1/2-1/2

[Event "EST team ch"]
[Site "?"]
[Date "2001.??.??"]
[Round "?"]
[White "Oim, Tonu"]
[Black "Leito, Priit"]
[Result "1/2-1/2"]
[WhiteElo "2368"]
[BlackElo "2355"]
[PlyCount "43"]

1. e4 c5 2. Nf3 e6 3. d4 cxd4 4. c3 dxc3 5. Nxc3 Nc6 6. Bc4 d6 7. Qe2 Nf6 8.
O-O Be7 9. Rd1 e5 10. h3 O-O 11. Bg5 h6 12. Bxf6 Bxf6 13. Nb5 Be7 14. Rd2 Qb6
15. Rad1 Rd8 16. Qe3 Qxe3 17. fxe3 Kf8 18. a3 a6 19. Nxd6 Bxd6 20. Rxd6 Rxd6
21. Rxd6 Ke7 22. Rd2 1/2-1/2

[Event "EST team ch"]
[Site "?"]
[Date "2001.??.??"]
[Round "?"]
[White "Tanav, Tiit"]
[Black "Tarakanov, Oleg"]
[Result "1/2-1/2"]
[WhiteElo "2241"]
[BlackElo "2155"]
[PlyCount "58"]

1. d4 d5 2. c4 e6 3. Nf3 Nf6 4. Nc3 c6 5. Qd3 Bb4 6. a3 Bxc3+ 7. bxc3 Nbd7 8.
g3 Qa5 9. Bg2 Ne4 10. Bd2 Nb6 11. cxd5 exd5 12. Ng5 Nxd2 13. Qxd2 Nc4 14. Qd3
h6 15. Nh3 Bf5 16. e4 Bh7 17. O-O O-O 18. Rfe1 Rfe8 19. f3 Re7 20. Nf2 Rae8 21.
Qc2 Nd6 22. Qb3 dxe4 23. fxe4 Nxe4 24. Nxe4 Bxe4 25. Bxe4 Rxe4 26. Rxe4 Rxe4
27. Qxb7 Qxc3 28. Qc8+ Kh7 29. Qf5+ Kg8 1/2-1/2

[Event "EST team ch"]
[Site "?"]
[Date "2001.??.??"]
[Round "?"]
[White "Kangur, Alvar"]
[Black "Luik, Helmut"]
[Result "1-0"]
[WhiteElo "2265"]
[BlackElo "2234"]
[PlyCount "67"]

1. e4 e5 2. Nc3 Bc5 3. Bc4 Nf6 4. d3 d6 5. Na4 Bb6 6. Nxb6 axb6 7. f4 Nbd7 8.
Nf3 Qe7 9. O-O h6 10. Qe1 c6 11. a3 Nh5 12. fxe5 dxe5 13. Nh4 Ndf6 14. Qf2 b5
15. Bb3 g6 16. h3 Be6 17. Bxe6 Qxe6 18. g4 Nf4 19. Bxf4 exf4 20. Qxf4 Nh7 21.
Nf3 O-O-O 22. a4 b4 23. a5 c5 24. Nd2 Ng5 25. Kg2 Nxh3 26. Kxh3 h5 27. Nc4 g5
28. Qg3 Rd4 29. Nb6+ Kd8 30. Qb8+ Ke7 31. Qxb7+ Kd6 32. Rf5 b3 33. Nc4+ Rxc4
34. Rd5+ 1-0

[Event "EST team ch"]
[Site "?"]
[Date "2001.??.??"]
[Round "?"]
[White "Nei, Iivo"]
[Black "Krupenski, Juri"]
[Result "1/2-1/2"]
[WhiteElo "2379"]
[BlackElo "2252"]
[PlyCount "76"]

1. c4 Nf6 2. Nc3 g6 3. d4 Bg7 4. Nf3 O-O 5. Bf4 d6 6. h3 Nbd7 7. e3 c6 8. Be2
Qe8 9. O-O e5 10. Bh2 Qe7 11. Rc1 Ne8 12. b4 f5 13. a4 g5 14. c5 d5 15. Nxe5
Nxe5 16. dxe5 Bxe5 17. Bxe5 Qxe5 18. Qd4 Qxd4 19. exd4 Ng7 20. Rfe1 f4 21. Bf3
h5 22. Re5 g4 23. hxg4 hxg4 24. Be2 f3 25. Bf1 Nf5 26. Rd1 Bd7 27. gxf3 Nh4 28.
Re7 Nxf3+ 29. Kg2 Nh4+ 30. Kg1 Rf7 31. Rxf7 Kxf7 32. Be2 Kf6 33. Rd3 Kg5 34.
Kf1 Rf8 35. Bd1 Rf4 36. Ne2 Rf8 37. Ng3 Ng6 38. Re3 Re8 1/2-1/2

[Event "EST team ch"]
[Site "?"]
[Date "2001.??.??"]
[Round "?"]
[White "Kovaljov, Deniss"]
[Black "Karner, Hillar"]
[Result "1/2-1/2"]
[WhiteElo "2227"]
[BlackElo "2291"]
[PlyCount "49"]

1. d4 Nf6 2. Nf3 d6 3. c3 Bg4 4. Bg5 Nbd7 5. e3 e6 6. Be2 Be7 7. Nbd2 O-O 8.
O-O Nd5 9. Bxe7 Qxe7 10. c4 N5f6 11. Ne1 Bxe2 12. Qxe2 e5 13. Nc2 a5 14. Rae1
Rfe8 15. Nb1 c6 16. Nc3 e4 17. f3 Nb6 18. b3 a4 19. Qf2 axb3 20. axb3 exf3 21.
gxf3 Nh5 22. Kh1 Nd7 23. e4 g6 24. f4 Kh8 25. f5 1/2-1/2

[Event "EST team ch"]
[Site "?"]
[Date "2001.??.??"]
[Round "?"]
[White "Vetemaa, Juri"]
[Black "Danilov, Nikolai"]
[Result "1/2-1/2"]
[WhiteElo "2288"]
[BlackElo "2231"]
[PlyCount "55"]

1. e4 c6 2. c4 d5 3. cxd5 cxd5 4. exd5 a6 5. Nc3 Nf6 6. Nf3 b5 7. Ne5 g6 8. g3
Bg7 9. Bg2 Bb7 10. O-O O-O 11. Nc6 Qd7 12. Qf3 Rc8 13. Ne5 Qe8 14. Qf4 Nbd7 15.
d4 b4 16. Nxd7 Qxd7 17. Ne4 Bxd5 18. Be3 Rc2 19. Rac1 Rxc1 20. Rxc1 Nxe4 21.
Bxe4 Bxe4 22. Qxe4 Rd8 23. Rc4 a5 24. b3 e6 25. Rc5 a4 26. bxa4 Qxa4 27. Rc7
Qxa2 28. Qb7 1/2-1/2

[Event "EST team ch"]
[Site "?"]
[Date "2001.??.??"]
[Round "?"]
[White "Krupenski, Igor"]
[Black "Ilves, Juri"]
[Result "1-0"]
[WhiteElo "2188"]
[BlackElo "2145"]
[PlyCount "90"]

1. Nf3 Nf6 2. g3 d5 3. Bg2 c6 4. O-O g6 5. b3 Bg7 6. Bb2 O-O 7. d3 Bg4 8. Nbd2
Qc8 9. Re1 Bh3 10. c4 Bxg2 11. Kxg2 Rd8 12. Qc2 Na6 13. Rad1 b5 14. a3 Qb7 15.
b4 c5 16. bxc5 dxc4 17. dxc4 Nxc5 18. Rb1 Bh6 19. Red1 Rac8 20. Bxf6 exf6 21.
Rxb5 Qc6 22. Kg1 Rd7 23. Rdb1 Rcd8 24. Rb8 Bf8 25. Rxd8 Rxd8 26. e3 Qd7 27. Nd4
Kg7 28. Ne4 h5 29. Rb5 Rc8 30. Nc3 h4 31. Nd5 hxg3 32. hxg3 Bd6 33. Qe2 Ne4 34.
Qf3 f5 35. Qe2 Bxa3 36. Qa2 Bc5 37. Qb2 Kh6 38. Nf3 Qe6 39. Nd2 Bd6 40. Nf3 Bc5
41. Rb8 Rxb8 42. Qxb8 Kg7 43. Qb2+ f6 44. Qb7+ Qf7 45. Qa6 g5 1-0

[Event "EST team ch"]
[Site "?"]
[Date "2001.??.??"]
[Round "?"]
[White "Bashkite, Viktorija"]
[Black "Limberg, Tiina"]
[Result "1/2-1/2"]
[WhiteElo "2047"]
[BlackElo "2092"]
[PlyCount "70"]

1. Nf3 Nf6 2. g3 g6 3. b3 Bg7 4. Bb2 O-O 5. d4 d6 6. Bg2 c6 7. c4 Qc7 8. O-O
Nbd7 9. Nbd2 e5 10. Qc2 Re8 11. e3 b6 12. b4 Bb7 13. Rfd1 c5 14. a3 cxd4 15.
exd4 e4 16. Ng5 e3 17. fxe3 Bxg2 18. Kxg2 Ng4 19. Nf1 Nxe3+ 20. Nxe3 Rxe3 21.
Qf2 Re7 22. c5 h6 23. Nf3 bxc5 24. dxc5 dxc5 25. Bxg7 Kxg7 26. Rac1 Rae8 27.
Qd4+ Kg8 28. bxc5 Re2+ 29. Kg1 Qc6 30. Rc3 Ne5 31. Rf1 Rb8 32. Re3 Nxf3+ 33.
Rexf3 Rbb2 34. Qd8+ Re8 35. Qd4 Ree2 1/2-1/2

[Event "EST team ch"]
[Site "?"]
[Date "2001.??.??"]
[Round "?"]
[White "Karner, Hillar"]
[Black "Oim, Tonu"]
[Result "1-0"]
[WhiteElo "2291"]
[BlackElo "2368"]
[PlyCount "71"]

1. d4 Nf6 2. c4 g6 3. Nc3 d5 4. Bf4 Bg7 5. e3 c5 6. dxc5 Qa5 7. Rc1 Ne4 8. cxd5
Nxc3 9. Qd2 Qxa2 10. bxc3 Qa5 11. Nf3 Qxc5 12. e4 Nd7 13. c4 b6 14. Bd3 O-O 15.
O-O a5 16. e5 a4 17. Rfe1 a3 18. Bb1 Qa5 19. Ba2 Nc5 20. Qe3 Bd7 21. Bh6 Ra7
22. Bxg7 Kxg7 23. Nd4 e6 24. Rb1 Rb8 25. h4 h5 26. Rec1 Rc8 27. Nf3 exd5 28.
cxd5 Bf5 29. Ra1 Qa4 30. Nd4 Qd7 31. e6 fxe6 32. dxe6 Qe7 33. Nxf5+ gxf5 34.
Qg3+ Kf8 35. Qg6 Qg7 36. e7+ 1-0

[Event "EST team ch"]
[Site "?"]
[Date "2001.??.??"]
[Round "?"]
[White "Tarakanov, Oleg"]
[Black "Vetemaa, Juri"]
[Result "1/2-1/2"]
[WhiteElo "2155"]
[BlackElo "2288"]
[PlyCount "28"]

1. e4 c5 2. Nf3 d6 3. c3 Nf6 4. Bc4 e6 5. Qe2 Nc6 6. Bb5 Bd7 7. d4 d5 8. exd5
Nxd5 9. c4 Nc7 10. d5 Nd4 11. Nxd4 cxd4 12. Bxd7+ Qxd7 13. O-O Be7 14. Rd1 Bf6
1/2-1/2

[Event "EST team ch"]
[Site "?"]
[Date "2001.??.??"]
[Round "?"]
[White "Luik, Helmut"]
[Black "Tsiganova, Monika"]
[Result "1/2-1/2"]
[WhiteElo "2234"]
[BlackElo "2239"]
[PlyCount "45"]

1. d4 Nf6 2. c4 e6 3. Nf3 b6 4. Nc3 Bb4 5. Bg5 Bb7 6. e3 h6 7. Bh4 g5 8. Bg3
Ne4 9. Qc2 Bxc3+ 10. bxc3 d6 11. Bd3 f5 12. d5 exd5 13. cxd5 Bxd5 14. Nd4 Qf6
15. f3 Nxg3 16. hxg3 Nd7 17. Bxf5 Nc5 18. Kf2 Ke7 19. g4 Raf8 20. c4 Bb7 21.
Rad1 Kd8 22. Rd2 Qe5 23. Nb3 1/2-1/2